| 000 | 00610nam a2200241Ia 4500 | ||
|---|---|---|---|
| 008 | 160303s9999 xx 000 0 und d | ||
| 020 | _a971-08-6630-3 | ||
| 050 | _aFIL HG 4515.3 | ||
| 050 | _b.C37 2006 c.1 | ||
| 100 | _aCapitulo, F. M. | ||
| 245 | _aMathematics of investment : | ||
| 245 | _ba simplified approach / | ||
| 245 | _cF.M. Capitulo. | ||
| 250 | _a3rd Edition | ||
| 260 | _aQuezon City: | ||
| 260 | _bNational Book Store, | ||
| 260 | _c2006 | ||
| 300 | _a357 pages : | ||
| 300 | _billustrations ; | ||
| 300 | _c25 cm. | ||
| 650 | _aAnnuities. | ||
| 650 | _aBusiness mathematics. | ||
| 999 |
_c291308 _d291308 |
||